000 00713nam a2200229 a 4500
001 000023121
003 OSt
005 20200930022012.0
008 101126s1968 xxu ad 001 0 spa d
020 _a0155055755
040 _aDO-SdBNP
_bspa
_cBNPHU
082 _a909.09821
_bG816b
100 1 _aGreer, Thomas H.
_947602
245 1 0 _aA brief history of western man /
_cThomas H. Greer.
260 _aNew York :
_bHarcourt, Brace & World,
_c1968.
300 _a594 p. :
_bil., mapa ;
_c20 cm.
500 _aIncluye índice.
504 _aIncluye referencias bibliográficas y notas al pie de las páginas.
650 4 _aCivilización occidental
_xHistoria
_947603
910 _aEn proceso
942 _2ddc
_cLF1
999 _c22618
_d22618